000 00657nam a22002177a 4500
003 BD-DhJNU
005 20251014054319.0
008 251014b |||||||| |||| 00| 0 eng d
020 _a9789357054287
040 _aBD-DhJNU
_bENG
_cBD-DhJNU
_dBD-DhJNU
082 _223
_a658.3 DEH
100 _aDessler, Gary
245 _aHuman resource management /
_cGary Dessler and Biju Varkkey
250 _a17th ed.
260 _aIndia :
_bPearson Education,
_c2025.
300 _axxxvi, 683p. :
_bill. ;
_c27 cm.
504 _aIncludes bibliographical references and indexes
650 _aPersonnel Management
700 _aVarkkey, Biju
942 _2ddc
_cBK
_n0
999 _c2256
_d2256